000 00392nam a2200157 4500
001 16602
005 20230411085950.0
008 060907n1999 dr spa
035 _9funglode16736
041 _aEN
110 _aStanford University
245 1 _aStanford bulletin 1999-2000
260 _a[s.l.] :
_bStanford University,
_c1999
300 _a686 p.
942 _2lcc
_cbk
999 _c110126
_d110126